| 000 | 00370nam a2200133 a 4500 | ||
|---|---|---|---|
| 005 | 20140513081057.0 | ||
| 008 | 070905s19uu xx 00 eng d | ||
| 050 |
_aVCD _bFly648 1982 |
||
| 245 | _aThe Flying House 19. | ||
| 260 |
_aPhilippines : _bCBN Asia, _c1982. |
||
| 440 | _aChildren's bible stories | ||
| 500 | _aTitles: The Preparation, Betrayed | ||
| 999 |
_c116555 _d116555 |
||